Análisis vectorial

Salvato in:
Dettagli Bibliografici
Autori principali: Hsu, Hwei Piao (Autore), Mehra, Raj (Autore)
Natura: Libro
Lingua:spagnolo
Pubblicazione: Wilmington Addison-Wesley Iberoamericana 1987
Serie:Colección teoría y problemas con solución
Soggetti:
Tags: Aggiungi Tag
Nessun Tag, puoi essere il primo ad aggiungerne!!

MARC

LEADER 00000nam a2200000 a 4500
001 UCQ7844
003 CL-VaPUC
008 981121e19870000US |||||||||||||||||spa|d
082 0 4 |a 515.63  |b HSU  |2 21 
100 |a Hsu, Hwei Piao  |e author  |9 560051 
700 0 |a Mehra, Raj  |e author  |9 421583 
245 1 0 |a Análisis vectorial 
300 |a 286 p 
942 |c BK 
945 |d 19981121 00:00:00  |a aarredon 
260 |a Wilmington  |b Addison-Wesley Iberoamericana  |c 1987 
650 0 |a Matemática  |9 260235 
650 0 |a Análisis vectorial   |9 260451 
650 7 |a PROBLEMAS  |2 CL-VaPUC  |9 269806 
650 0 |a Ejercicios   |9 269807 
583 |a last modification  |c 19981121 00:00:00  |k Rodrigo Vera 
490 0 |a Colección teoría y problemas con solución 
999 |c 277225  |d 277223 
952 |0 0  |1 0  |2 ddc  |4 0  |6 515_630000000000000_HSU_1987  |7 0  |8 A  |9 315058  |a BIBING  |b BIBING  |c GEN  |d 2019-11-20  |i 3483533  |o 515.63 HSU 1987  |p 3483533  |r 2025-01-20  |w 2019-11-20  |y BK  |k ING 
952 |0 0  |1 0  |2 ddc  |4 0  |6 515_630000000000000_HSU_1987  |7 0  |8 A  |9 315059  |a BIBING  |b BIBING  |c GEN  |d 2019-11-20  |i 3483541  |o 515.63 HSU 1987  |p 3483541  |r 2025-01-20  |w 2019-11-20  |y BK  |k ING 
952 |0 0  |1 0  |2 ddc  |4 0  |6 515_630000000000000_HSU_1987  |7 0  |8 A  |9 315060  |a BIBING  |b BIBING  |c GEN  |d 2019-11-20  |i 348355K  |o 515.63 HSU 1987  |p 348355K  |r 2025-01-20  |w 2019-11-20  |y BK  |k ING 
952 |0 0  |1 0  |2 ddc  |4 0  |6 515_630000000000000_HSU_1987  |7 0  |8 A  |9 315061  |a BIBING  |b BIBING  |c GEN  |d 2019-11-20  |i 3483568  |o 515.63 HSU 1987  |p 3483568  |r 2025-01-20  |w 2019-11-20  |y BK  |k ING 
952 |0 0  |1 0  |2 ddc  |4 0  |6 515_630000000000000_HSU_1987  |7 0  |8 A  |9 315062  |a BIBING  |b BIBING  |c GEN  |d 2019-11-20  |i 3483576  |o 515.63 HSU 1987  |p 3483576  |r 2025-01-20  |w 2019-11-20  |y BK  |k ING